| 000 -LEADER |
| fixed length control field |
00474cam a22001577a 4500 |
| 008 - FIXED-LENGTH DATA ELEMENTS--GENERAL INFORMATION |
| fixed length control field |
180718b2011 xxu||||| |||| 00| 0 eng d |
| 082 ## - DEWEY DECIMAL CLASSIFICATION NUMBER |
| Classification number |
T8203x54 G959 |
| 100 ## - MAIN ENTRY--PERSONAL NAME |
| Personal name |
Gupta S.V. |
| 245 ## - TITLE STATEMENT |
| Title |
A treatise on: legal metrology act, 2009 |
| Statement of responsibility, etc. |
By S.V. Gupta, |
| 250 ## - EDITION STATEMENT |
| Edition statement |
2011 |
| 260 ## - PUBLICATION, DISTRIBUTION, ETC. |
| Place of publication, distribution, etc. |
Delhi |
| Name of publisher, distributor, etc. |
Commercial Law |
| Date of publication, distribution, etc. |
2011 |
| 300 ## - PHYSICAL DESCRIPTION |
| Extent |
853p. |
| 650 ## - SUBJECT ADDED ENTRY--TOPICAL TERM |
| Topical term or geographic name entry element |
Metrology--India. |
| 650 ## - SUBJECT ADDED ENTRY--TOPICAL TERM |
| Topical term or geographic name entry element |
Weights and measures--Law and legislation--India |
| 650 ## - SUBJECT ADDED ENTRY--TOPICAL TERM |
| Topical term or geographic name entry element |
India. Legal Metrology Act, 2009 |